Solemne acto académico con motivo de la investidura de doctor "Honoris causa" del Excmo Sr. D. José Prat García / (Record no. 182422)

MARC details
000 -LEADER
campo de control de longitud fija 01066nam a2200217 i 4500
001 - NÚMERO DE CONTROL
campo de control 182422
003 - IDENTIFICADOR DE NÚMERO DE CONTROL
campo de control ES-MaACL
005 - FECHA Y HORA DE LA ÚLTIMA TRANSACCIÓN
campo de control 20250628063558.0
008 - DATOS DE LONGITUD FIJA--INFORMACIÓN GENERAL
campo de control de longitud fija 130813s1990 sp |||| | spa d
100 1# - ENTRADA PRINCIPAL--NOMBRE DE PERSONA
Nombre de persona Prat, José,
Fechas asociadas al nombre 1905-1994
9 (RLIN) 93665
Término indicativo de función/relación Autor
245 10 - MENCIÓN DEL TÍTULO
Título Solemne acto académico con motivo de la investidura de doctor "Honoris causa" del Excmo Sr. D. José Prat García /
Mención de responsabilidad, etc. discurso pronunciado por el Sr. José Prat García ; palabras pronunciadas por el Sr. Francisco Michavila Pitarch ; discurso pronunciado por el rector de la Universidad Politécnica Rafael Portaencasa Baeza.
260 ## - PUBLICACIÓN, DISTRIBUCIÓN, ETC.
Lugar de publicación, distribución, etc. Madrid :
Nombre del editor, distribuidor, etc. Universidad Politécnica de Madrid,
Fecha de publicación, distribución, etc. [1990]
300 ## - DESCRIPCIÓN FÍSICA
Extensión 28 páginas, [2] hojas de láminas :
Otras características físicas ilustraciones color ;
Dimensiones 27 cm.
655 #7 - TERMINO DE INDIZACIÓN--GENERO/FORMA
Fuente del término tgfbne
9 (RLIN) 234367
Datos o término principal de género/forma Discursos académicos
700 0# - ENTRADA AGREGADA--NOMBRE PERSONAL
Nombre de persona Michavila, Francisco.
9 (RLIN) 80884
Término indicativo de función/relación Autor de introducción
700 0# - ENTRADA AGREGADA--NOMBRE PERSONAL
Nombre de persona Portaencasa Baeza, Rafael.
9 (RLIN) 93186
Término indicativo de función/relación Autor
710 2# - ENTRADA AGREGADA--NOMBRE DE ENTIDAD CORPORATIVA
9 (RLIN) 7435
Nombre de entidad corporativa o nombre de jurisdicción como elemento de entrada Universidad Politécnica de Madrid
Término indicativo de función/relación Editor
852 ## - LOCALIZACIÓN
Ubicación ES-MaACL
Ubicación en estantería Depósito folletos
Número de control de estantería 2324-F-5
942 ## - ELEMENTOS DE ENTRADA SECUNDARIOS (KOHA)
Fuente del sistema de clasificación o colocación Clasificación decimal universal
Tipo de ítem Koha Folleto
Suprimir en OPAC No
Holdings
Estatus retirado Estado de pérdida Estado de daño No para préstamo Colección Biblioteca de origen Biblioteca actual Ubicación en estantería Fecha de adquisición Fuente de adquisición Total de préstamos Signatura topográfica completa Código de barras Visto por última vez Precio de reemplazo Tipo de ítem Koha
        Colección de folletos Biblioteca del Ateneo de Madrid Biblioteca del Ateneo de Madrid Depósito folletos 13/08/2013     2324-F-5 1191701 23/02/2023 23/02/2023 Folleto